Govt. of
Madhya Pradesh

Renewable Energy (Record no. 66018)

MARC details
000 -LEADER
fixed length control field 00395nam a22001577a 4500
003 - CONTROL NUMBER IDENTIFIER
control field OSt
005 - DATE AND TIME OF LATEST TRANSACTION
control field 20230316132922.0
008 - FIXED-LENGTH DATA ELEMENTS--GENERAL INFORMATION
fixed length control field 230316b |||||||| |||| 00| 0 eng d
040 ## - CATALOGING SOURCE
Transcribing agency Macl
050 ## - LIBRARY OF CONGRESS CALL NUMBER
Classification number 500/TRI
100 ## - MAIN ENTRY--PERSONAL NAME
Personal name Trivedi,Dr. Priya Ranjan
9 (RLIN) 75477
245 ## - TITLE STATEMENT
Title Renewable Energy
Medium english
260 ## - PUBLICATION, DISTRIBUTION, ETC. (IMPRINT)
Place of publication, distribution, etc. New delhi
Name of publisher, distributor, etc. Jnanada Prakashan
Date of publication, distribution, etc. 2018
650 ## - SUBJECT ADDED ENTRY--TOPICAL TERM
Topical term or geographic name as entry element 500/TRI
9 (RLIN) 81841
942 ## - ADDED ENTRY ELEMENTS (KOHA)
Source of classification or shelving scheme
Koha item type Books
Holdings
Withdrawn status Lost status Source of classification or shelving scheme Damaged status Not for loan Home library Current library Date acquired Cost, normal purchase price Total Checkouts Barcode Date last seen Price effective from Koha item type
          MACL MACL 16/03/2023 1995.00   CRE040270 02/05/2024 16/03/2023 Books